| 000 | 00704nam a2200145 a 4500 | ||
|---|---|---|---|
| 008 | 101123s2010 ||||||||||||||||| || u | ||
| 050 | _aUNO(01) | ||
| 110 | _aUnited Nations Economic and Social Affairs (UNESA) | ||
| 245 | 1 | 0 | _aInternational Meeting in Support of Israeli-Palestinian Peace: the urgency of addressing the permanent status issues - borders, Jerusalem, settlements, refugees and water |
| 260 |
_aQawra _bUNITED NATIONS _c2010 |
||
| 300 | _a34p. | ||
| 350 | _a0.00 | ||
| 650 | _aREFUGEES--UNITED NATIONS--PALESTINE--CONGRESSES | ||
| 995 |
_D0.00 _FCBU-MAIN LIBRARY (Kitwe) _H1 _I0.00 _M1 _UAVAILABLE _WNov 30, 2010 _ZInternational Publications |
||
| 999 |
_c47438 _d47438 |
||